000 00477nam a2200157 i 4500
001 99060
003 ES-MaACL
005 20230906182429.0
007 t|
008 051114q19001999sp ||||1| spa d
100 1 _aEngels, Friedrich.
_947225
245 1 0 _aOrigen de la familia, de la propiedad privada y del estado /
_cpor Federico Engels.
260 _aMadrid :
_bLa España Moderna,
_c[19-?] (
_fAgustín Avrial)
300 _a324 p. ;
_c23 cm.
852 _aES-MaACL
_jB-12432
999 _c99060
_d99060